| 000 | 01476nam0a2200349 4500 | ||
|---|---|---|---|
| 001 | RU\NLR\bibl\1871214 | ||
| 005 | 20260406110020.0 | ||
| 010 |
_a978-5-8138-1039-8 _97000 |
||
| 021 |
_aRU _b2012-6666 _9485 |
||
| 035 | _a(nilc)RSL-KNO-005389392 | ||
| 035 | _a(NLR Aleph) 001861055 | ||
| 090 |
_a2531977 _c2531977 |
||
| 100 | _a20120213d2011 |||y0rusy50 ca | ||
| 101 | 0 | _arus | |
| 102 | _aRU | ||
| 105 | _aa ||||||||| | ||
| 200 | 1 |
_aУдивительные приключения маленьких друзей _e[сказки _eдля чтения взрослыми детям _fхудож. С. Самсоненко] |
|
| 210 |
_aСмоленск _cРусич _d2011 |
||
| 215 |
_a78, [2] с. _cцв. ил. _d29 |
||
| 225 | 1 | _aКнижная радуга | |
| 327 | 1 | _aСодерж.: Любопытный бегемотик; Юлик находит друзей; Как Юлик стал знаменитым; Происшествие на птичьем дворе; Глупая шутка; Необыкновеный поросенок; Что мешает спать | |
| 686 |
_aШ9(2)6=Р70-2 _2rubbk |
||
| 686 | _aШ9(2)60=Р7-2 | ||
| 702 | 1 |
_4040 _8rus _7ca _aСамсоненко _bС. _cхудожник _gСергей _3RU\NLR\auth\77104919 _987844 |
|
| 801 | 0 |
_aRU _bRuMoRKP _c20120213 _grcr |
|
| 801 | 1 |
_aRU _bРГБ _c20120213 |
|
| 801 | 2 |
_aRU _bNLR _c20120217 _grcr |
|
| 942 | _cBOOK | ||
| 980 | _aNB | ||
| 980 | _aNBR | ||